000 00543nam a2200181Ia 4500
005 20250508160022.0
008 008 250505s9999 xx 000 0 eng d
037 _aBooks to be hide in OPAC
040 _aFEDL
_beng
_cFEDL
041 _aeng
_2eng
084 _a372.954 79, BOM
_qFEDL
245 0 _aBombay act No. Lxi of 1947 the Bombay primary education act, 1947
260 _c1956
300 _a2580p.
546 _aAs modified up to the 30th March 1956
942 _cHB
_h372.954 79, BOM
999 _c1361088
_d1361088